00477nam a2200121Ia 4500008004100000020001800041100002100059245008200080260002800162300001400190999001900204952013200223171205s9999 xx 000 0 und d a9781506351513 aPopham, W. James 4aThe ABCs of Educational Testing Demystifying the Tools That Shape Our Schools bSAGE Publicationsc2017 a152 pages c347397d347397 001040aCLbCLcRESd2017-12-05eLibrary Fundl1oLB 3051 .Ab134 2017pc21038r2019-09-02 00:00:00s2019-08-29w2017-12-05yBK